LEADER 03426oam 2200829 c 450 001 9910745599103321 005 20260302090207.0 010 $a9783847418894 010 $a3847418890 024 3 $a9783847418894 035 $a(CKB)28456846200041 035 $a(MiAaPQ)EBC30882772 035 $a(Au-PeEL)EBL30882772 035 $a(NjHacI)9928456846200041 035 $a(Perlego)4250541 035 $a(Verlag Barbara Budrich)9783847418894 035 $a(EXLCZ)9928456846200041 100 $a20260302d2023 uy 0 101 0 $ager 135 $aurcnu|||||||| 181 $ctxt$2rdacontent 182 $cc$2rdamedia 183 $acr$2rdacarrier 200 00$aJahrbuch der berufs- und wirtschaftspädagogischen Forschung 2023 /$fKristina Kögler, H.-Hugo Kremer, Volkmar Herkner 205 $a1st ed. 210 $aLeverkusen$cVerlag Barbara Budrich$d2023 215 $a1 online resource (218 pages) 225 0 $aSchriftenreihe der Sektion Berufs- und Wirtschaftspädagogik der Deutschen Gesellschaft für Erziehungswissenschaft (DGfE) 311 08$a9783847427193 330 $aWie entwickelt sich die Forschung in der Berufs- und Wirtschaftspädagogik? Das Jahrbuch gibt einen Überblick über den aktuellen Stand und bildet dadurch das breite thematische und methodologische Spektrum der Forschung und Theoriebildung in der Disziplin ab. Der diesjährige Band versammelt Beiträge, die bei der Tagung der Sektion Berufs- und Wirtschaftspädagogik der DGfE erstmalig einer breiteren Fachöffentlichkeit präsentiert wurden. Die Beiträge wurden einem Reviewverfahren unterzogen. The Yearbook of Vocational Education 2021 provides an overview of the current state of relevant research. It corresponds with the broad thematic and methodological range of research and theory development in vocational education. 410 0$aSchriftenreihe der Sektion Berufs- und Wirtschaftspädagogik der Deutschen Gesellschaft Für Erziehungswissenschaft (DGfE) Series 606 $aBerufspädagogik 606 $avocational education 606 $avocational learning 606 $aWirtschaftspädagogik 606 $aBerufsbildung 606 $avocational learning research 606 $aBerufliche Lehr-Lern-Forschung 606 $adigitalization 606 $aBerufliche Bildung 606 $atransformation 606 $aKompetenzentwicklung 606 $aDigitalisierung 606 $aProfessionalisierung 606 $aTransformation 606 $aDidaktik 615 4$aBerufspädagogik 615 4$avocational education 615 4$avocational learning 615 4$aWirtschaftspädagogik 615 4$aBerufsbildung 615 4$avocational learning research 615 4$aBerufliche Lehr-Lern-Forschung 615 4$adigitalization 615 4$aBerufliche Bildung 615 4$atransformation 615 4$aKompetenzentwicklung 615 4$aDigitalisierung 615 4$aProfessionalisierung 615 4$aTransformation 615 4$aDidaktik 676 $a650.0711 702 $aKögler$b Kristina$cProf. Dr.$4edt 702 $aKremer$b H.-Hugo$cProf. Dr.$4edt 702 $aHerkner$b Volkmar$cProf. Dr.$4edt 801 0$bMiAaPQ 801 1$bMiAaPQ 801 2$bMiAaPQ 906 $aBOOK 912 $a9910745599103321 996 $aJahrbuch der berufs- und wirtschaftspa?dagogischen Forschung 2023$94413557 997 $aUNINA